[Event "23. Copenhagen Open  (Politiken Cup)"]
[Site "Copenhagen"]
[Date "2001.07.19"]
[Round "4"]
[White "Fant, Goran"]
[Black "Jorgensen, Brian"]
[Result "0-1"]
[WhiteElo "2043"]
[BlackElo "2265"]
[PlyCount "106"]
[EventDate "2001.07.16"]
[EventType "swiss"]
[EventRounds "11"]
[EventCountry "DEN"]
[SourceDate "2004.01.01"]

1. Nf3 Nf6 2. c4 g6 3. Nc3 Bg7 4. e4 d6 5. d4 O-O 6. Be2 e5 7. d5 c5 8. Bg5 h6
9. Bh4 Na6 10. Nd2 Nc7 11. g4 Bd7 12. f3 Qe8 13. a4 a6 14. b3 Nh7 15. Bf2 f5
16. gxf5 gxf5 17. h4 f4 18. Nf1 Nf6 19. Rb1 b5 20. a5 b4 21. Na2 Nh5 22. Nc1
Rf6 23. Nd3 Bf8 24. Kd2 Rg6 25. Qe1 Be7 26. Kc2 Kh7 27. Rd1 Qf7 28. Rh2 Rag8
29. Nd2 Qe8 30. Bf1 Qc8 31. Kb2 Ne8 32. Nxb4 cxb4 33. c5 dxc5 34. Nc4 Nd6 35.
Nb6 Qc7 36. Rc1 Bb5 37. Bh3 Nb7 38. Bf5 Nxa5 39. Na4 Bxa4 40. bxa4 c4 41. Qg1
c3+ 42. Kb1 Nc4 43. Be1 Bc5 44. Qg4 Na3+ 45. Ka1 Bd4 46. Ra2 c2+ 47. Rb2 Bxb2+
48. Kxb2 Nc4+ 49. Kb3 Ne3 50. Qxh5 Qc4+ 51. Kb2 Nd1+ 52. Ka1 Qd4+ 53. Ka2 Qb2#
0-1

[Event "23. Copenhagen Open  (Politiken Cup)"]
[Site "Copenhagen"]
[Date "2001.07.19"]
[Round "4"]
[White "Furu, Thormod"]
[Black "Petersen, Nils"]
[Result "1/2-1/2"]
[WhiteElo "1775"]
[BlackElo "2050"]
[PlyCount "47"]
[EventDate "2001.07.16"]
[EventType "swiss"]
[EventRounds "11"]
[EventCountry "DEN"]
[SourceDate "2004.01.01"]

1. e4 c5 2. Nc3 Nc6 3. g3 e5 4. Bg2 Nf6 5. d3 Be7 6. f4 d6 7. Nf3 g6 8. O-O Bg4
9. h3 Bxf3 10. Qxf3 Qd7 11. Be3 O-O-O 12. Nd5 Nxd5 13. exd5 Nd4 14. Qf2 f6 15.
Bxd4 cxd4 16. c3 Kb8 17. cxd4 exf4 18. Qxf4 Rde8 19. Rfe1 Bd8 20. Re6 Rxe6 21.
dxe6 Qxe6 22. Qf3 d5 23. Kh2 Bb6 24. Qf4+ 1/2-1/2

[Event "23. Copenhagen Open  (Politiken Cup)"]
[Site "Copenhagen"]
[Date "2001.07.19"]
[Round "4"]
[White "Gorecki, Zbigniew"]
[Black "Jensen, Henrik Sandberg"]
[Result "0-1"]
[WhiteElo "2000"]
[BlackElo "1706"]
[PlyCount "54"]
[EventDate "2001.07.16"]
[EventType "swiss"]
[EventRounds "11"]
[EventCountry "DEN"]
[SourceDate "2004.01.01"]

1. d4 d6 2. c4 g6 3. Nc3 Bg7 4. e4 Nc6 5. d5 Nd4 6. Be3 c5 7. Bd3 Nh6 8. f3 f5
9. Qd2 Nf7 10. Nge2 Nxe2 11. Bxe2 Qa5 12. Nb5 Qxd2+ 13. Bxd2 O-O 14. Bc3 fxe4
15. Bxg7 Kxg7 16. fxe4 Bd7 17. Nc3 Ne5 18. Rf1 Rxf1+ 19. Bxf1 Rf8 20. h3 g5 21.
b3 h5 22. Ke2 h4 23. Re1 Kg6 24. Nd1 b5 25. Ke3 bxc4 26. Bxc4 a5 27. Rf1 Nxc4+
0-1

[Event "23. Copenhagen Open  (Politiken Cup)"]
[Site "Copenhagen"]
[Date "2001.07.19"]
[Round "4"]
[White "Greiff, Hakan"]
[Black "Hagen, Andreas Skytte"]
[Result "1/2-1/2"]
[WhiteElo "2299"]
[BlackElo "2113"]
[PlyCount "104"]
[EventDate "2001.07.16"]
[EventType "swiss"]
[EventRounds "11"]
[EventCountry "DEN"]
[SourceDate "2004.01.01"]

1. e4 e6 2. d4 d5 3. Nd2 Nf6 4. e5 Nfd7 5. f4 c5 6. c3 Nc6 7. Ndf3 Qb6 8. g3
cxd4 9. cxd4 Bb4+ 10. Kf2 g5 11. fxg5 Ndxe5 12. Nxe5 Nxe5 13. Be3 Nc6 14. Nf3
Bd7 15. a3 Bd6 16. b4 O-O-O 17. b5 Na5 18. Qa4 Kb8 19. Bd2 Nc4 20. Bxc4 dxc4
21. Ba5 Bxb5 22. Bxb6 Bxa4 23. Bxd8 Rxd8 24. Rhc1 b5 25. Ke3 Kc7 26. Rc3 a5 27.
Ne5 Bxe5 28. dxe5 Kc6 29. Rf1 Rd7 30. Rf4 Bb3 31. Rh4 b4 32. axb4 axb4 33. Rc1
Rd5 34. Rcxc4+ Bxc4 35. Rxc4+ Kb5 36. Rc7 Rxe5+ 37. Kd3 Rd5+ 38. Ke4 Rxg5 39.
Rxf7 h5 40. Kd3 Rd5+ 41. Kc2 Kc4 42. Rc7+ Rc5 43. Rh7 b3+ 44. Kb2 Rb5 45. h3
Rg5 46. Rc7+ Kd4 47. Rc3 e5 48. Rxb3 e4 49. Kc2 e3 50. Rb4+ Kc5 51. Rh4 Rxg3
52. Kd3 Kd6 1/2-1/2

[Event "23. Copenhagen Open  (Politiken Cup)"]
[Site "Copenhagen"]
[Date "2001.07.19"]
[Round "4"]
[White "Greisen, Flemming Dahl"]
[Black "Lie, Terje"]
[Result "0-1"]
[WhiteElo "1425"]
[BlackElo "1100"]
[PlyCount "42"]
[EventDate "2001.07.16"]
[EventType "swiss"]
[EventRounds "11"]
[EventCountry "DEN"]
[SourceDate "2004.01.01"]

1. b4 d5 2. Bb2 Nf6 3. Nf3 Bg4 4. Ne5 h5 5. h3 Be6 6. e3 Nbd7 7. Nf3 h4 8. Be2
Rh6 9. Na3 c6 10. Rc1 Qc7 11. c4 Ne4 12. Rf1 f6 13. Qb3 Qd8 14. Nd4 Bf7 15. Nf5
Rh8 16. Qd3 e6 17. Nd4 Bxb4 18. Rc2 Ndc5 19. Nxe6 Nxd3+ 20. Bxd3 Bxe6 21. Bxe4
dxe4 0-1

[Event "23. Copenhagen Open  (Politiken Cup)"]
[Site "Copenhagen"]
[Date "2001.07.19"]
[Round "4"]
[White "Hansen, Gunnar West"]
[Black "Aaberg, Anton"]
[Result "0-1"]
[WhiteElo "2198"]
[BlackElo "2373"]
[PlyCount "64"]
[EventDate "2001.07.16"]
[EventType "swiss"]
[EventRounds "11"]
[EventCountry "DEN"]
[SourceDate "2004.01.01"]

1. e4 g6 2. d4 Bg7 3. Nc3 c6 4. Be3 d5 5. f3 Qb6 6. Qd2 Qxb2 7. Rb1 Qa3 8. exd5
Nf6 9. dxc6 bxc6 10. Rb3 Qa5 11. Ne4 Qxd2+ 12. Kxd2 Nd5 13. Bd3 Nd7 14. f4 O-O
15. Nf3 f6 16. h4 Bh6 17. g3 e5 18. h5 exf4 19. gxf4 Bxf4 20. Bxf4 Nxf4 21.
hxg6 hxg6 22. Nd6 Nxd3 23. Rxd3 Rd8 24. Re3 Nf8 25. Rh8+ Kxh8 26. Nf7+ Kg8 27.
Nxd8 Bd7 28. Nb7 Re8 29. Ra3 Re7 30. Na5 g5 31. Rc3 g4 32. Nh4 Rh7 0-1

[Event "23. Copenhagen Open  (Politiken Cup)"]
[Site "Copenhagen"]
[Date "2001.07.19"]
[Round "4"]
[White "Hansen, Ib Lynaes"]
[Black "Andersen, Kasper Lolk"]
[Result "1-0"]
[WhiteElo "1866"]
[BlackElo "1192"]
[PlyCount "83"]
[EventDate "2001.07.16"]
[EventType "swiss"]
[EventRounds "11"]
[EventCountry "DEN"]
[SourceDate "2004.01.01"]

1. d4 d5 2. c4 e6 3. Nc3 Nf6 4. Nf3 c5 5. cxd5 Nxd5 6. g3 cxd4 7. Nxd5 Qxd5 8.
Qxd4 Nc6 9. Qxd5 exd5 10. a3 Na5 11. Nd2 Be7 12. Bg2 O-O 13. Bxd5 Bh3 14. b4
Rfd8 15. e4 Nc6 16. Bb2 Bd6 17. Nc4 Rac8 18. Nxd6 Rxd6 19. Ke2 Nxb4 20. axb4
Rc2+ 21. Ke3 Rxb2 22. Rxa7 Bc8 23. Rc1 Rd8 24. Ra8 h6 25. Rcxc8 Rxc8 26. Rxc8+
Kh7 27. Rc7 Rxb4 28. Rxb7 Rxb7 29. Bxb7 f6 30. h4 g5 31. hxg5 hxg5 32. Kf3 Kg6
33. Kg4 Kg7 34. Kf5 Kf7 35. Bd5+ Kg7 36. e5 fxe5 37. Kxg5 Kf8 38. Kf6 Ke8 39.
g4 Kf8 40. Bf7 e4 41. g5 e3 42. g6 1-0

[Event "23. Copenhagen Open  (Politiken Cup)"]
[Site "Copenhagen"]
[Date "2001.07.19"]
[Round "4"]
[White "Hassan, Omar Elsayed"]
[Black "Auchenberg, Per"]
[Result "0-1"]
[WhiteElo "2100"]
[BlackElo "1842"]
[PlyCount "74"]
[EventDate "2001.07.16"]
[EventType "swiss"]
[EventRounds "11"]
[EventCountry "DEN"]
[SourceDate "2004.01.01"]

1. e4 c5 2. Nc3 Nc6 3. f4 e6 4. Nf3 a6 5. g3 d5 6. d3 Nf6 7. e5 d4 8. Ne4 Nxe4
9. dxe4 b5 10. Bg2 c4 11. O-O Bc5 12. Kh1 Qc7 13. f5 h6 14. Bf4 Bd7 15. Qe2
O-O-O 16. a4 g5 17. fxg6 fxg6 18. axb5 axb5 19. Bd2 g5 20. Ra6 Kb7 21. Raa1 Ra8
22. Rxa8 Rxa8 23. b3 cxb3 24. Qxb5+ Qb6 25. Qxb3 Qxb3 26. cxb3 Ra2 27. Bc1 d3
28. Rd1 Ra1 29. Rf1 Bb4 30. Be3 Rxf1+ 31. Bxf1 g4 32. Nd2 Nxe5 33. Bf4 Bb5 34.
Bg2 h5 35. Kg1 Ka6 36. Kf2 Nc6 37. Bf1 Nd4 {Time.} 0-1

[Event "23. Copenhagen Open  (Politiken Cup)"]
[Site "Copenhagen"]
[Date "2001.07.19"]
[Round "4"]
[White "Hau, Helge"]
[Black "Schonberg, Niels Peder"]
[Result "1-0"]
[WhiteElo "1525"]
[BlackElo "1214"]
[PlyCount "105"]
[EventDate "2001.07.16"]
[EventType "swiss"]
[EventRounds "11"]
[EventCountry "DEN"]
[SourceDate "2004.01.01"]

1. f4 d5 2. Nf3 e6 3. b3 Qf6 4. d4 Bd6 5. e3 Ne7 6. c4 Bb4+ 7. Bd2 Bxd2+ 8.
Nbxd2 c6 9. Ne5 Nd7 10. Ndf3 Ng6 11. g3 Ngxe5 12. fxe5 Qe7 13. Qd2 b6 14. cxd5
exd5 15. Bd3 g6 16. O-O Bb7 17. Rf2 O-O-O 18. Qe2 b5 19. Rc1 Kb8 20. e4 Nb6 21.
Qd2 h5 22. Qf4 Ka8 23. Qf6 Qxf6 24. exf6 dxe4 25. Bxe4 Rd6 26. Ne5 Re6 27. Bxc6
Bxc6 28. Rxc6 Rxc6 29. Nxc6 Rc8 30. Ne7 Rd8 31. Rd2 Rd6 32. Ng8 Nd7 33. h3 Nxf6
34. Nxf6 Rxf6 35. d5 Rd6 36. Kf2 Kb7 37. Ke3 f6 38. Kd4 Kb6 39. b4 a6 40. Re2
Kc7 41. Kc5 Kd7 42. a3 g5 43. Kd4 g4 44. h4 Kd8 45. Rf2 Ke7 46. Rf5 Kf7 47.
Rxh5 Rd8 48. Rf5 Kg6 49. Rf2 Re8 50. d6 Re6 51. Kd5 Kf7 52. Kc6 Re8 53. Kc7 1-0

[Event "23. Copenhagen Open  (Politiken Cup)"]
[Site "Copenhagen"]
[Date "2001.07.19"]
[Round "4"]
[White "Hector, Jonny"]
[Black "Lezcano Jaen, Pedro"]
[Result "1-0"]
[WhiteElo "2552"]
[BlackElo "2386"]
[PlyCount "63"]
[EventDate "2001.07.16"]
[EventType "swiss"]
[EventRounds "11"]
[EventCountry "DEN"]
[SourceDate "2004.01.01"]

1. e4 Nf6 2. Nc3 d5 3. e5 Nfd7 4. f4 c5 5. Nf3 Nc6 6. d4 cxd4 7. Nxd4 Nxd4 8.
Qxd4 e6 9. Qf2 Bc5 10. Qg3 O-O 11. Bd3 f5 12. Ne2 Nb8 13. Be3 b6 14. O-O Ba6
15. a3 Qd7 16. b4 Bxe3+ 17. Qxe3 Bxd3 18. cxd3 Nc6 19. b5 Ne7 20. Nd4 Rac8 21.
a4 Rc3 22. a5 Kf7 23. h3 Qc7 24. axb6 axb6 25. Kh2 Rc8 26. Ra4 Qc5 27. Rfa1 Rc7
28. Qe2 Ng6 29. Qh5 Rc1 30. Rxc1 Qxc1 31. Nc6 Qc2 32. Ra8 1-0

[Event "23. Copenhagen Open  (Politiken Cup)"]
[Site "Copenhagen"]
[Date "2001.07.19"]
[Round "4"]
[White "Henrichsen, Jens"]
[Black "Simonsen, Per"]
[Result "1/2-1/2"]
[WhiteElo "2069"]
[BlackElo "1723"]
[PlyCount "74"]
[EventDate "2001.07.16"]
[EventType "swiss"]
[EventRounds "11"]
[EventCountry "DEN"]
[SourceDate "2004.01.01"]

1. d4 d5 2. c4 dxc4 3. Nf3 Nf6 4. e3 Bg4 5. Bxc4 e6 6. Qb3 Bxf3 7. gxf3 Qc8 8.
e4 c6 9. Bg5 Nbd7 10. Nc3 h6 11. Be3 Nb6 12. Be2 Qc7 13. Rc1 Qd8 14. a4 Qe7 15.
a5 Nc8 16. Na2 g5 17. a6 Nb6 18. axb7 Qxb7 19. Rxc6 Be7 20. Qc2 Rc8 21. Rxc8+
Nxc8 22. Qa4+ Kf8 23. Ba6 Nb6 24. Bxb7 Nxa4 25. b3 Nb6 26. Ke2 Kg7 27. Rc1 Rb8
28. Ba6 Ne8 29. Rc2 Bd6 30. h3 f5 31. e5 Be7 32. Bb5 Nd5 33. Bc4 Nec7 34. Bxd5
Nxd5 35. Nc1 Kf7 36. Bd2 Rb7 37. Ra2 Bb4 1/2-1/2

[Event "23. Copenhagen Open  (Politiken Cup)"]
[Site "Copenhagen"]
[Date "2001.07.19"]
[Round "4"]
[White "Hesselberg, Leif"]
[Black "Mortensen, Henrik"]
[Result "0-1"]
[WhiteElo "1800"]
[BlackElo "2075"]
[PlyCount "82"]
[EventDate "2001.07.16"]
[EventType "swiss"]
[EventRounds "11"]
[EventCountry "DEN"]
[SourceDate "2004.01.01"]

1. d4 d5 2. Nf3 e6 3. Bf4 c6 4. e3 f5 5. c4 Nf6 6. Nc3 Be7 7. Bd3 Ne4 8. Ne5
O-O 9. Qc2 Qe8 10. f3 Nxc3 11. bxc3 Nd7 12. cxd5 Nxe5 13. Bxe5 exd5 14. O-O Be6
15. e4 Qd7 16. Rfe1 Rae8 17. Rab1 b6 18. exd5 Bxd5 19. c4 Be6 20. d5 Bc5+ 21.
Kh1 cxd5 22. cxd5 Bxd5 23. Bb5 Bc6 24. Rbd1 Qb7 25. Qc4+ Kh8 26. Bxc6 Qxc6 27.
Qc3 Qb7 28. f4 Qf7 29. Rd3 Kg8 30. Red1 Re7 31. Bxg7 Rfe8 32. Rg3 Bf2 33. Bf6+
Bxg3 34. Qxg3+ Qg6 35. Qxg6+ hxg6 36. Bxe7 Rxe7 37. h4 Rh7 38. Rd8+ Kg7 39.
Rd7+ Kh6 40. Rxh7+ Kxh7 41. Kh2 Kh6 0-1

[Event "23. Copenhagen Open  (Politiken Cup)"]
[Site "Copenhagen"]
[Date "2001.07.19"]
[Round "4"]
[White "Hoff, Terje"]
[Black "Hoeg, Claus"]
[Result "0-1"]
[WhiteElo "2038"]
[BlackElo "1785"]
[PlyCount "56"]
[EventDate "2001.07.16"]
[EventType "swiss"]
[EventRounds "11"]
[EventCountry "DEN"]
[SourceDate "2004.01.01"]

1. Nf3 Nf6 2. g3 g6 3. Bg2 Bg7 4. d3 d6 5. O-O O-O 6. e4 e5 7. Nbd2 h6 8. Qe1
Nc6 9. c3 Re8 10. Nh4 d5 11. Kh1 Be6 12. f4 exf4 13. gxf4 g5 14. fxg5 hxg5 15.
Nf5 Ne5 16. Nxg7 Kxg7 17. Qg3 Neg4 18. Bh3 Rh8 19. Bxg4 Nxg4 20. Nf3 dxe4 21.
dxe4 Qd3 22. Bxg5 Rxh2+ 23. Kg1 Rah8 24. Bf6+ Kf8 25. Bxh8 Qe3+ 26. Rf2 Rxf2
27. Re1 Re2+ 28. Kf1 Rxe1+ 0-1

[Event "23. Copenhagen Open  (Politiken Cup)"]
[Site "Copenhagen"]
[Date "2001.07.19"]
[Round "4"]
[White "Hovmoller, Kristian"]
[Black "Bekker Jensen, Simon"]
[Result "1/2-1/2"]
[WhiteElo "2194"]
[BlackElo "2356"]
[PlyCount "150"]
[EventDate "2001.07.16"]
[EventType "swiss"]
[EventRounds "11"]
[EventCountry "DEN"]
[SourceDate "2004.01.01"]

1. d4 Nf6 2. c4 g6 3. Nc3 Bg7 4. e4 d6 5. f3 O-O 6. Be3 c5 7. Nge2 Nc6 8. Qd2
a6 9. O-O-O Qa5 10. Kb1 e5 11. dxc5 dxc5 12. Nd5 Qxd2 13. Rxd2 Nxd5 14. cxd5
Nd4 15. b4 b6 16. bxc5 bxc5 17. Nc3 Bd7 18. Be2 Bf6 19. Ka1 Bd8 20. Rc1 Ba5 21.
Rb2 Bb4 22. Bxd4 exd4 23. Nb1 Rfc8 24. a3 Ba5 25. Ka2 Bb5 26. Bxb5 axb5 27.
Rxb5 c4 28. Kb2 d3 29. Nc3 Bc7 30. g3 g5 31. d6 Bxd6 32. Rxg5+ Kf8 33. Nb5 Be7
34. Rd5 Ra5 35. Kc3 Bxa3 36. Rb1 Be7 37. f4 Ra2 38. Rc1 Rxh2 39. e5 Ra2 40. Nd6
Rc6 41. Rd4 Bxd6 42. exd6 Ke8 43. Re1+ Kd8 44. d7 Re6 45. Rc1 Ree2 46. Kxc4
Rec2+ 47. Kb3 Rab2+ 48. Ka3 Rb7 49. Rd1 Rc3+ 50. Ka2 Rxd7 51. Rxd7+ Kxd7 52.
Kb2 Rc2+ 53. Kb3 Rc8 54. Rxd3+ Ke6 55. Re3+ Kf6 56. Kb4 Kg6 57. Kb5 f6 58. Kb4
h6 59. Re7 h5 60. Rd7 Rc1 61. Rd8 Kf5 62. Rh8 Kg6 63. Kb3 Rc7 64. Kb4 Rc2 65.
Kb3 Rc6 66. Kb4 Rc7 67. Kb3 Rh7 68. f5+ Kh6 69. Rxh7+ Kxh7 70. Kc4 Kg7 71. Kd5
Kh6 72. Kd6 Kg5 73. Ke6 Kg4 74. Kxf6 Kxg3 75. Kg5 h4 1/2-1/2

[Event "23. Copenhagen Open  (Politiken Cup)"]
[Site "Copenhagen"]
[Date "2001.07.19"]
[Round "4"]
[White "Hvenekilde, Jorgen"]
[Black "Berg, Klaus"]
[Result "1/2-1/2"]
[WhiteElo "2267"]
[BlackElo "2438"]
[PlyCount "41"]
[EventDate "2001.07.16"]
[EventType "swiss"]
[EventRounds "11"]
[EventCountry "DEN"]
[SourceDate "2004.01.01"]

1. d4 d5 2. c4 c6 3. Nc3 dxc4 4. a4 e5 5. dxe5 Qxd1+ 6. Kxd1 Be6 7. Nf3 Na6 8.
Bf4 O-O-O+ 9. Nd2 Bb4 10. Nce4 Ne7 11. e3 Rxd2+ 12. Nxd2 Rd8 13. e4 Nc5 14. Kc2
Bxd2 15. Bxd2 c3 16. bxc3 Rxd2+ 17. Kxd2 Nb3+ 18. Ke3 Nxa1 19. Bd3 Nb3 20. f4
Nc5 21. Bc2 1/2-1/2

[Event "23. Copenhagen Open  (Politiken Cup)"]
[Site "Copenhagen"]
[Date "2001.07.19"]
[Round "4"]
[White "Jacobsen, Bo"]
[Black "Grahn, Lars"]
[Result "1-0"]
[WhiteElo "2274"]
[BlackElo "2100"]
[PlyCount "105"]
[EventDate "2001.07.16"]
[EventType "swiss"]
[EventRounds "11"]
[EventCountry "DEN"]
[SourceDate "2004.01.01"]

1. g3 d5 2. Nf3 Nf6 3. Bg2 e6 4. O-O Be7 5. b3 O-O 6. c4 c5 7. Bb2 Nc6 8. e3 b6
9. Qe2 Ba6 10. d3 Qc7 11. Nc3 Rad8 12. Rac1 Rd7 13. Rfd1 Rfd8 14. a3 dxc4 15.
bxc4 Ng4 16. Nb5 Bxb5 17. cxb5 Nce5 18. Ne1 Nh6 19. f4 Ng6 20. Bc6 Rd6 21. e4
f6 22. Nf3 Rf8 23. h4 Rdd8 24. h5 Nxf4 25. gxf4 Qxf4 26. Kh1 Qg4 27. Ng1 Qh4+
28. Qh2 Qg4 29. Qh3 Bd6 30. Qxg4 Nxg4 31. Nh3 Be5 32. Rb1 Bxb2 33. Rxb2 Rd6 34.
Rg1 Ne5 35. Nf4 Nxc6 36. bxc6 Rxc6 37. a4 Rd6 38. a5 Rc8 39. h6 g5 40. e5 fxe5
41. Rxg5+ Kh8 42. Rxe5 Rd4 43. Rf2 c4 44. dxc4 Rdxc4 45. a6 Rc1+ 46. Kh2 R1c2
47. Rxc2 Rxc2+ 48. Kg3 Kg8 49. Rg5+ Kf7 50. Rg7+ Kf6 51. Rxh7 Kf5 52. Rf7+ Kg5
53. h7 1-0

[Event "23. Copenhagen Open  (Politiken Cup)"]
[Site "Copenhagen"]
[Date "2001.07.19"]
[Round "4"]
[White "Jakobsen, Ole"]
[Black "van Dijk, Thomas"]
[Result "1-0"]
[WhiteElo "2398"]
[BlackElo "1999"]
[PlyCount "99"]
[EventDate "2001.07.16"]
[EventType "swiss"]
[EventRounds "11"]
[EventCountry "DEN"]
[SourceDate "2004.01.01"]

1. d4 d5 2. c4 c6 3. Nc3 Nf6 4. e3 e6 5. Nf3 Nbd7 6. Qc2 Bd6 7. b3 O-O 8. Bb2
Qe7 9. Be2 b6 10. O-O Bb7 11. Rfd1 Rfe8 12. Rac1 Rac8 13. Qb1 a6 14. a4 h6 15.
Bf1 e5 16. cxd5 cxd5 17. g3 e4 18. Nd2 Ng4 19. Bh3 Qg5 20. Nf1 f5 21. Bg2 Qh5
22. h3 Ngf6 23. Rd2 g5 24. Rdc2 Nf8 25. Qa1 Ne6 26. Ne2 Rxc2 27. Rxc2 Kh7 28.
Ba3 Bb8 29. a5 b5 30. Qc1 f4 31. exf4 gxf4 32. gxf4 Rg8 33. Nfg3 Qh4 34. Rc3
Nxf4 35. Rc7+ Kh8 36. Nxf4 e3 37. Nfe2 exf2+ 38. Kf1 Bxc7 39. Qxc7 Bc8 40. Qe5
Bxh3 41. Bxh3 Qxh3+ 42. Kxf2 Rg6 43. Be7 Qh2+ 44. Ke1 Qh4 45. Kd1 Kh7 46. Bd8
Qg5 47. Qe7+ Kg8 48. Qe6+ Kh8 49. Qf7 h5 50. Nxh5 1-0

[Event "23. Copenhagen Open  (Politiken Cup)"]
[Site "Copenhagen"]
[Date "2001.07.19"]
[Round "4"]
[White "Jensen, Dan Bronnum"]
[Black "Tandrup, Michael"]
[Result "0-1"]
[WhiteElo "1324"]
[BlackElo "1795"]
[PlyCount "126"]
[EventDate "2001.07.16"]
[EventType "swiss"]
[EventRounds "11"]
[EventCountry "DEN"]
[SourceDate "2004.01.01"]

1. e4 d6 2. Nc3 g6 3. d3 Bg7 4. Be3 Nf6 5. Be2 c5 6. Qd2 Nc6 7. Nf3 a6 8. Bh6
O-O 9. Bxg7 Kxg7 10. h3 b5 11. O-O Bd7 12. Rfe1 b4 13. Nd1 a5 14. Bf1 e5 15. c3
Qb6 16. Ne3 Be6 17. Ng5 h6 18. Nxe6+ fxe6 19. Nc4 Qc7 20. Be2 Rf7 21. cxb4 axb4
22. a3 Nd4 23. Qd1 Nd7 24. a4 Nb6 25. b3 Nxc4 26. dxc4 Raf8 27. f3 Qe7 28. Rf1
Qg5 29. Kh1 Rf4 30. Ra2 Qg3 31. Rb2 Qh4 32. Kh2 Qe7 33. Rf2 Rxe4 34. Bd3 Ref4
35. Qb1 g5 36. a5 h5 37. Bg6 Rh8 38. a6 g4 39. fxg4 Qf6 40. Rxf4 Qxf4+ 41. Kg1
Qe3+ 42. Kh2 Ra8 43. Bxh5 e4 44. Qf1 Rf8 45. Qb1 Qf4+ 46. Kh1 Qf1+ 47. Kh2 Qxb1
48. Rxb1 Ra8 49. Kg3 Rxa6 50. Kf4 Ra3 51. Kxe4 Nxb3 52. Rd1 Nd4 53. Rf1 Ra7 54.
g5 Rb7 55. Rb1 Nc6 56. Bf3 Ne5 57. Ke3 Nxc4+ 58. Ke2 Ra7 59. Bg4 Ra2+ 60. Ke1
Rxg2 61. Rd1 Rg1+ 62. Ke2 Rxd1 63. Kxd1 Ne3+ 0-1

[Event "23. Copenhagen Open  (Politiken Cup)"]
[Site "Copenhagen"]
[Date "2001.07.19"]
[Round "4"]
[White "Jorgensen, Michael"]
[Black "Hansen, Herluf"]
[Result "1/2-1/2"]
[WhiteElo "2290"]
[BlackElo "2044"]
[PlyCount "41"]
[EventDate "2001.07.16"]
[EventType "swiss"]
[EventRounds "11"]
[EventCountry "DEN"]
[SourceDate "2004.01.01"]

1. d4 d5 2. c4 c6 3. Nf3 Nf6 4. Nc3 e6 5. Bg5 Nbd7 6. e3 Qa5 7. cxd5 Nxd5 8.
Qd2 Bb4 9. Rc1 c5 10. Bd3 cxd4 11. exd4 h6 12. Bh4 O-O 13. O-O Bd6 14. Bb1 Re8
15. Rfe1 Bf4 16. Qd3 Nf8 17. Rcd1 Bd7 18. Ne5 Nxc3 19. bxc3 Ba4 20. Bc2 Rac8
21. c4 1/2-1/2

[Event "23. Copenhagen Open  (Politiken Cup)"]
[Site "Copenhagen"]
[Date "2001.07.19"]
[Round "4"]
[White "Jorgensen, Orla Eilegaard"]
[Black "Li, Mike"]
[Result "1-0"]
[WhiteElo "1403"]
[BlackElo "1056"]
[PlyCount "29"]
[EventDate "2001.07.16"]
[EventType "swiss"]
[EventRounds "11"]
[EventCountry "DEN"]
[SourceDate "2004.01.01"]

1. Nf3 d5 2. c4 Nf6 3. Nc3 c6 4. d4 e6 5. a3 Be7 6. Bg5 Nbd7 7. e3 O-O 8. Qc2
Qa5 9. c5 Qc7 10. Bd3 h6 11. Bf4 e5 12. Nxe5 Nh5 13. Bh7+ Kh8 14. Nxf7+ Rxf7
15. Bxc7 1-0

[Event "23. Copenhagen Open  (Politiken Cup)"]
[Site "Copenhagen"]
[Date "2001.07.19"]
[Round "4"]
[White "Kjar, Peter Sigsgaard"]
[Black "Helin, Mikael"]
[Result "0-1"]
[WhiteElo "1573"]
[BlackElo "1984"]
[PlyCount "68"]
[EventDate "2001.07.16"]
[EventType "swiss"]
[EventRounds "11"]
[EventCountry "DEN"]
[SourceDate "2004.01.01"]

1. f4 g6 2. Nf3 Bg7 3. e3 c5 4. c4 Nc6 5. Be2 a6 6. Nc3 e6 7. b3 Nge7 8. Bb2
Nf5 9. Na4 Bxb2 10. Nxb2 d5 11. O-O d4 12. e4 Ng7 13. d3 b6 14. Qe1 h5 15. Qh4
Qxh4 16. Nxh4 e5 17. f5 g5 18. f6 Ne6 19. Nf5 Nf4 20. Rae1 Bxf5 21. exf5 g4 22.
g3 Nh3+ 23. Kg2 O-O-O 24. Bf3 gxf3+ 25. Kxh3 Rhe8 26. Re4 Nb4 27. a3 Na2 28.
Na4 Nc3 29. Nxc3 dxc3 30. Rxf3 c2 31. Rf1 Rxd3 32. Rc1 Rd2 33. Re3 e4 34. g4
Rd3 0-1

[Event "23. Copenhagen Open  (Politiken Cup)"]
[Site "Copenhagen"]
[Date "2001.07.19"]
[Round "4"]
[White "Kongsted, Halfdan Christian"]
[Black "Andersen, Rune"]
[Result "1-0"]
[WhiteElo "2232"]
[BlackElo "2064"]
[PlyCount "83"]
[EventDate "2001.07.16"]
[EventType "swiss"]
[EventRounds "11"]
[EventCountry "DEN"]
[SourceDate "2004.01.01"]

1. e4 c5 2. Nf3 Nc6 3. d4 cxd4 4. Nxd4 g6 5. c4 Bg7 6. Be3 Nf6 7. Nc3 O-O 8.
Be2 d6 9. O-O Bd7 10. Qd2 Nxd4 11. Bxd4 Bc6 12. Bd3 Qa5 13. Rae1 Rfc8 14. a3
Qd8 15. Kh1 a5 16. f4 a4 17. Bf2 Qa5 18. Bg3 Nd7 19. e5 dxe5 20. f5 Nc5 21.
fxg6 hxg6 22. Bc2 e4 23. Qg5 Re8 24. Qf4 f5 25. Qg5 Kf7 26. Qe3 Bf6 27. Bf4 Ne6
28. Bg3 Nd4 29. Bb1 e5 30. Qf2 Rh8 31. Nxe4 Bxe4 32. Bxe4 Qa6 33. Bd5+ Kg7 34.
Bxe5 Bxe5 35. Rxe5 Nc6 36. Re6 Rae8 37. Rxg6+ Kxg6 38. Qxf5+ Kh6 39. Qf6+ Kh7
40. Qf7+ Kh6 41. Rf6+ Kg5 42. Qg6+ 1-0

[Event "23. Copenhagen Open  (Politiken Cup)"]
[Site "Copenhagen"]
[Date "2001.07.19"]
[Round "4"]
[White "Kristensen, Jonas Rune"]
[Black "Robertsen, Thomas"]
[Result "1-0"]
[WhiteElo "1755"]
[BlackElo "2034"]
[Annotator "Jonas Rune Kristensen"]
[PlyCount "71"]
[EventDate "2001.07.16"]
[EventType "swiss"]
[EventRounds "11"]
[EventCountry "DEN"]
[SourceDate "2004.01.01"]

1. d4 Nf6 2. Nf3 c5 3. d5 e6 4. Nc3 exd5 5. Nxd5 Nxd5 6. Qxd5 Nc6 {A system
for White against the Benoni proposed by Larsen.} 7. Bg5 Be7 8. O-O-O $5 Nb4 9.
Qe5 f6 10. Bxf6 gxf6 11. Qh5+ Kf8 {White has sacrified a bishop, but the Black
K-side is weak and White has gained active play.} 12. e4 b5 13. Qh6+ Kf7 14.
Bxb5 {(?) Better 14. a3! and 15. Lxb5.} Nxa2+ $1 15. Kb1 Nc3+ 16. bxc3 Rb8 17.
c4 a6 18. e5 $1 {White has to stay active!} Qb6 $2 {#} 19. Rd6 Qa5 20. exf6
Qb4+ 21. Kc1 Qa3+ 22. Kd1 Bxd6 23. Qg7+ Ke8 24. Qxh8+ Bf8 25. Re1+ Kd8 26.
Qxf8+ Kc7 27. f7 axb5 28. Qe7 Ba6 29. Qe5+ d6 30. Qe7+ Kc6 31. Qe8+ Rxe8 32.
fxe8=Q+ Kb6 33. Qd8+ Kc6 34. Re6 Qa1+ 35. Kd2 Qa5+ 36. Qxa5 1-0

[Event "23. Copenhagen Open  (Politiken Cup)"]
[Site "Copenhagen"]
[Date "2001.07.19"]
[Round "4"]
[White "Laubsch, Bernd"]
[Black "Dalsberg, Sandra de Blecourt"]
[Result "1-0"]
[WhiteElo "2311"]
[BlackElo "2055"]
[PlyCount "63"]
[EventDate "2001.07.16"]
[EventType "swiss"]
[EventRounds "11"]
[EventCountry "DEN"]
[SourceDate "2004.01.01"]

1. e4 e6 2. d4 d5 3. Nd2 Nf6 4. e5 Nfd7 5. c3 c5 6. f4 Nc6 7. Ndf3 Qb6 8. g3
cxd4 9. cxd4 Bb4+ 10. Kf2 g5 11. fxg5 Ndxe5 12. Kg2 Ng6 13. Bd3 Bd7 14. Ne2 e5
15. Nxe5 Ncxe5 16. dxe5 Nxe5 17. a3 Bd6 18. Re1 O-O-O 19. Nf4 Bg4 20. Be2 Be6
21. b4 Nc4 22. Nxe6 fxe6 23. Bg4 Rhf8 24. Ra2 Kb8 25. Rxe6 d4 26. Qe2 Ne3+ 27.
Bxe3 dxe3 28. Qxe3 Qc6+ 29. Bf3 Qc4 30. Re2 Bc7 31. Qe4 Qb5 32. a4 1-0